| 000 | 00867nac a22002417a 4500 | ||
|---|---|---|---|
| 001 | BR7906707 | ||
| 003 | BR-BrBNA | ||
| 005 | 20240105114523.0 | ||
| 008 | 230509b bl.|||m| |||| 00| 0 por d | ||
| 040 |
_aBR-BrBNA _bpor _cBiblioteca Nacional de Agricultura |
||
| 072 | _aS00; S30; S20 | ||
| 090 | _aS00 BR7906707 | ||
| 110 | 1 |
_aInstituto Nacional de Alimentacao e Nutricao, Brasilia, DF (Brasil) _96395 |
|
| 245 | 1 | _aRelatorio anual - 1979 [Instituto Nacional de Alimentacao e Nutricao; Industria alimenticia; Consumo alimentar; Brasil] | |
| 260 | 3 |
_aBrasilia, DF (Brasil): _c1979. |
|
| 300 | _a65 p. | ||
| 490 |
_aRelatorio - Instituto Nacional de Alimentacao e Nutricao (Brazil) _v _x |
||
| 500 | _a17 tables | ||
| 650 | _aINDUSTRIA ALIMENTICIA | ||
| 650 | _aCONSUMO ALIMENTAR | ||
| 909 |
_a202312 _bLúcia Elande _c55 _dLúcia Elande |
||
| 942 |
_2AGRIS _n0 _cMS |
||
| 999 |
_c269818 _d269818 |
||